Welcome to the Holygrace Academy Library

Please use search bar below to get started

NOORU BAPPUJIKKATHAKAL (Record no. 1520)

MARC details
000 -LEADER
fixed length control field 00342nam a22001457a 4500
020 ## - INTERNATIONAL STANDARD BOOK NUMBER
ISBN 978-93-8517527
082 ## - DEWEY DECIMAL CLASSIFICATION NUMBER
Classification number 894.812.3
Item number PAL/N
100 ## - MAIN ENTRY--AUTHOR NAME
Personal name PALLIPPURAM,SIPPY
245 ## - TITLE STATEMENT
Title NOORU BAPPUJIKKATHAKAL
250 ## - EDITION STATEMENT
Edition statement SEVENTH
260 ## - PUBLICATION, DISTRIBUTION, ETC. (IMPRINT)
Place of publication THRISSUR
Name of publisher H&C PUBLISHING HOUSE
Year of publication 2022
300 ## - PHYSICAL DESCRIPTION
Number of Pages 112
650 ## - SUBJECT ADDED ENTRY--TOPICAL TERM
Topical Term SHORT STORY
Geographic subdivision KERALA
942 ## - ADDED ENTRY ELEMENTS (KOHA)
Koha item type Books
Holdings
Withdrawn status Lost status Collection code Home library Current library Shelving location Date acquired Source of acquisition Cost, normal purchase price Full call number Accession Number Koha item type
    Fiction Main Library Main Library SHELF-6C MALAYALAM SHORT STORIES 12/11/2022 PURCHASE 100.00 894.812.3 PAL/N 12744 Books